000 00832nam a2200241Ia 4500
003 OSt
005 20220927105653.0
006 a|||||r|||| 00| 0
007 ta
008 220926b |||||||| |||| 00| 0 eng d
024 _a194965
037 _cReference Collections
040 _aRTL
_cRTL
_beng
041 _2eng
_aeng
082 _a"Y57.281.P, P9/TH"
100 _aBAJPAI Deeksha
_9374141
245 0 _aSocial impact assessment of slum resettlement in Delhi.
260 _a"Delhi,"
_bUniversity of Delhi.
_c2009
300 _a"ix,294p. Bibliography: p 287-294"
_ccm.
490 _a"University of Delhi,Geography (Deptt.of-),Thesis. Thesis, University of Delhi, Geography (Deptt.of-"
942 _h"Y57.281.P, P9/TH"
_cCC
999 _c693835
_d693835